000 00471nam a22001577a 4500
005 20241215103311.0
008 241215b |||||||| |||| 00| 0 eng d
020 _a 06140313X
050 _aQM455
_b.B37
100 _aBarr, Murray L.
245 _aThe Human Nervous System/
_ban anatomical viewpoint
_cMurray L. Barr
250 _a2nd ed.
260 _aHagerstown, Maryland
_bHarper & Row Publishers
_c1974
300 _ax.408p.
_bill.
_c25.5cm
942 _2lcc
_cBK
_e2nd ed.
_n0
999 _c2242
_d2242